000 00201nam a22000977a 4500
999 _c530775
_d530775
040 _cDLC
082 _a704.42
_bTAR
100 _aMustansar Hussain Tarar
_99703
245 _aChik Chok
942 _2ddc
_cBK